LEADER 01899nas a2200265 i 4500 001 000000236650 003 CaOOAMICUS 005 20141209000000.0 008 141209b2006 it uu u0 0mul r 013 $a215554 020 $a88-88353-12-7 040 $aSeMil$bita 245 13$aIl sacro :$bFenomenologia, Filosofia, Teologia, Mistica e Cultura del Sacro. Atti della 5. Sessione plenaria, 24-26 giugno 2005 = The sacred : Phenomenology, Philosophy, Theology, Mysticism and Culture of the Sacred. Proceedings of the 5. Plenary Session, 24-26 june 2005. 246 01$aThe sacred : Phenomenology, Philosophy, Theology, Mysticism and Culture of the Sacred. Proceedings of the 5. Plenary Session, 24-26 june 2005 260 $aVatican City :$bPontificia Academia Sancti Thomae Aquinatis,$c2006. 300 $a246 p. ;$c24 cm. 700 1 $aAccademia di San Tommaso d'Aquino : Sessione plenaria «Il Sacro» <5. ; 2005 ; Roma>.$0(OLS)http://semarc/name/80792 773 0 $tDoctor Communis.$dCittà del Vaticano : [s.n.], 1948-1998.$w()2206 850 $aSeMil 852 $aSeMil$W1$xVenegono$y1$m8 2 10$j186996$B186996$CSeMilBibl$Z2$F197751 $85 961 $aOmaggio: Tettamanzi Card. Dionigi 996 $6020$a88-88353-12-7$9(OLS)http://semarc/number/241819 996 $6245$aIl sacro :$bFenomenologia, Filosofia, Teologia, Mistica e Cultura del Sacro. Atti della 5. Sessione plenaria, 24-26 giugno 2005 = The sacred : Phenomenology, Philosophy, Theology, Mysticism and Culture of the Sacred. Proceedings of the 5. Plenary Session, 24-26 june 2005$9(OLS)http://semarc/title/337253 996 $6246$aThe sacred : Phenomenology, Philosophy, Theology, Mysticism and Culture of the Sacred. Proceedings of the 5. Plenary Session, 24-26 june 2005$9(OLS)http://semarc/title/337254 996 $6260$aVatican City :$bPontificia Academia Sancti Thomae Aquinatis$9(OLS)http://semarc/publisher/48301 LEADER 01721nas a2200277 i 4500 001 000000002542 003 CaOOAMICUS 005 20211123173503.0 008 180830d19922019it br p u0 0ita r 022 $a1127-8722 040 $aSeMil$bita 245 03$aLa Nuova Europa :$brivista internazionale di cultura. 260 $aMilano :$bLa Casa di Matriona,$c1992-2019. 362 0 $a1992-2019 510 4 $aCod. rivista ACNP:$cP 00201800 700 1 $aScalfi, Romano,$c.$0(OLS)http://semarc/name/89208 710 2 $aFondazione Russia Cristiana .$0(OLS)http://semarc/name/1610 780 00$tAltra Europa.$dMilano : Centro studi Russia cristiana, 1985-1991.$x1120-0685$w()1794 785 00$tNuova Europa.$dMilano : Fondazione Russia Cristiana, 2020-$w()348603 850 $aSeMil 852 $aSeMil$W1$xVenegono$y1$pCliccare per visualizzare collocazione e posseduto cumulativo

Cliccare per visualizzare eventuali spogli (alla eventuale voce ?Indici? in fondo di pagina)$B228396$CSeMilBibl$Z2$F228396 $85 961 $aPubblicazione in abbonamento 996 $6022$a1127-8722$9(OLS)http://semarc/number/294642 996 $6245$aLa Nuova Europa :$brivista internazionale di cultura$9(OLS)http://semarc/title/4305 996 $6260$aMilano :$bLa Casa di Matriona$9(OLS)http://semarc/publisher/30246